000 01391cam a22003977a 4500
003 CHAP
005 20220817043235.0
008 971013s1989 r 00010 d
010 _a69311
011 _a70283
035 _a79764
040 _cCHAP
090 _aFolleto 12372
100 0 0 _aLuiselli Fernández, Cassio.
_968974
245 0 _aMéxico en la Ronda Uruguay
_b: el caso de la agricultura
_c/por Cassio Loiselli Fernández y Carlos Vidali Carbajal
260 _aSan José, C.R. :
_bIICA,
_c1989.
300 _a71 p.
410 0 0 _aIICA
490 0 _aDocumentos de programas
_v; 9
590 _aBATCH-UPD
_b10
_c20130110
_lUCH01
_h0712
590 _aBATCH-UPD
_b10
_c20130110
_lUCH01
_h2336
590 _aBATCH-UPD
_b10
_c20130410
_lUCH01
_h0357
590 _aBATCH-UPD
_b10
_c20130914
_lUCH01
_h1016
590 _aCONVERSION
_b10
_c20130109
_lUCH01
_h1338
650 1 4 _aAgricultura
_xAspectos económicos.
650 1 4 _aComercio internacional.
_925641
650 1 4 _aPolítica agrícola
_zMéxico.
700 0 _aVidali Carbajal, Carlos.
_9119263
710 0 _aInstituto Interamericano de Cooperación para la Agricultura.
810 0 0 _aIICA
_957371
830 0 _aDocumentos de programas
_v; 9
_933267
901 _aBK
942 _cFOLL
949 _aFolleto 12372
_bBC
_cFOLL
_d-32653
_eTS1
_i79764
_mD
_si
949 _aFolleto 12372
_bBC
_cFOLL
_d79764
_eTS2
_fc.2
_gDonaciØn
_i79764
_sb
999 _c69311
_d69311